Pays en A en 1 minute - Statistiques

Statistiques générales
  • Ce quiz a été pris 614 fois
  • Le résultat moyen est 9 sur 14
Statistiques - réponses
Pays en "A" % Correct
Allemagne
81%
Albanie
77%
Arménie
74%
Algérie
70%
Australie
64%
Afghanistan
63%
Andorre
61%
Azerbaïdjan
61%
Angola
60%
Argentine
60%
Autriche
58%
Antigua-et-Barbuda
50%
Afrique du Sud
48%
Arabie Saoudite
44%
Aucun quiz correspondant
Distribution des résultats
% des personnes avec chaque résultat
Percentile par nombre de réponses
Votre historique - résultats
Vous n’avez pas pris ce quiz